Transhumanismo : la búsqueda tecnológica del mejoramiento humano /
El trashumanismo en una tendencia intelectual que postula el uso libre de la tecnología para mejorar las limitaciones de la naturaleza humana tanto en lo físico como en lo mental. En la presente obra el autor plantea argumentos sustentados sobre las ventajas y las debilidades de esta propuesta tecno...
-д хадгалсан:
| Үндсэн зохиолч: | |
|---|---|
| Формат: | Ном |
| Хэл сонгох: | испани |
| Хэвлэсэн: |
Barcelona, España :
Herder,
2017, c2017
|
| Нөхцлүүд: | |
| Онлайн хандалт: | Ver documento en línea |
| Шошгууд: |
Шошго байхгүй, Энэхүү баримтыг шошголох эхний хүн болох!
|
MARC
| LEADER | 00000nam^a2200000^a^4500 | ||
|---|---|---|---|
| 001 | 000446993 | ||
| 005 | 20251023000000.0 | ||
| 009 | 20260526145257.361 | ||
| 020 | |a 978-84-254-3963-6 | ||
| 037 | |a Acervo ITESO - Biblioteca | ||
| 041 | |a ESP | ||
| 082 | |a 128. 6 |b DIE | ||
| 100 | |a Diéguez, Antonio |e (autor) | ||
| 245 | 1 | 0 | |a Transhumanismo : |b la búsqueda tecnológica del mejoramiento humano / |c A. Diéguez. |
| 264 | 4 | |a Barcelona, España : |b Herder, |c 2017, c2017 | |
| 264 | 2 | |a Cartagena, España : |b Odilo [distribución], |c 2022 | |
| 300 | |a 1 libro electrónico en línea (248 p.) | ||
| 300 | |a 1 recurso en línea | ||
| 336 | |a datos para computadora |b cod |2 rdacontenido | ||
| 337 | |a computadora |b c |2 rdamedio | ||
| 338 | |a recurso en línea |b cr |2 rdasoporte | ||
| 506 | 1 | |a 1 licencia | |
| 520 | |a El trashumanismo en una tendencia intelectual que postula el uso libre de la tecnología para mejorar las limitaciones de la naturaleza humana tanto en lo físico como en lo mental. En la presente obra el autor plantea argumentos sustentados sobre las ventajas y las debilidades de esta propuesta tecnohumana. | ||
| 521 | |a Odilo 2022 EEnlace Departamento de Filosofía y Humanidades | ||
| 530 | |a Existe una edición en formato impreso con el mismo título | ||
| 649 | |a XX | ||
| 650 | |a Cyborgs | ||
| 650 | |a Cuerpo Humano y Tecnología - |x Filosofía - |x Tema Principal | ||
| 650 | |a Cuerpo Humano y Tecnología - |x Aspectos Sociales y Culturales - |x Tema Principal | ||
| 650 | |a Tecnologías de Comunicación e Información - |x Aspectos Sociales y Culturales | ||
| 650 | |a Cibernética - |x Aspectos Sociales y Culturales | ||
| 650 | |a Inmortalidad | ||
| 650 | |a Humanismo | ||
| 650 | |a Antropología Cultural | ||
| 650 | |a Antropología Filosófica | ||
| 650 | |a Ontología | ||
| 650 | |a Biología | ||
| 650 | |a Biotecnología | ||
| 650 | |a Ingeniería Genética | ||
| 650 | |a Filosofía | ||
| 856 | 4 | 0 | |u https://iteso-odilotk-es.ezproxy.iteso.mx/info/02485904 |y Ver documento en línea |
| 910 | |a Fondo General | ||
| 920 | |a Electrónicos - Libros en Línea | ||
| 930 | |a Plataforma Digital | ||
| 905 | |a 205 | ||
| 901 | |a 446993-1 |b IT2 |c EBO |i C178887 |u 20250521 | ||
| 902 | |a https://opac.biblio.iteso.mx/vufind/Record/000446993 | ||